| 000 | 00516nam a22001817a 4500 | ||
|---|---|---|---|
| 999 |
_c2383 _d2383 |
||
| 005 | 20230503100127.0 | ||
| 008 | 230503b ||||| |||| 00| 0 eng d | ||
| 020 | _a9780723299028 | ||
| 040 | _cKH8 | ||
| 082 | _a823.92 AST | ||
| 100 |
_a Astley, Neville _eAuthors |
||
| 245 |
_aPeppa Pig: _bGeorge's new dinosaur / _cNeville Astley |
||
| 260 |
_aLondon [etc.], _bLadybird, _c2014 |
||
| 300 |
_a[24] str. : _bilustr. ; _c21 cm. |
||
| 650 | _achildren's story | ||
| 700 |
_aMark Baker _eAuthor |
||
| 942 |
_2ddc _cFIC |
||